000 00354nam a2200145Ia 4500
008 191201s2007 xx 000 0 und d
082 _a621.815
_bJUF
100 _aJuvinall, Robert
245 0 _aFundamentals of machine compont design
250 _aRep.
260 _aN.Delhi
_bW.India
_c2007
300 _a888
650 _aB.Tech(ME)
942 _2ddc
_cBK
999 _c3545
_d3545